Estadísticas para Estados de EE.UU. con una Primera Letra Única

Haz click aquí para intentar la prueba.

Estadísticas generales

  • Esta prueba ha sido intentada 72 veces
  • La puntuación promedio es 6 de 7

Estadísticas de respuestas

Primera LetraEstado% Correcto
FFlorida
91%
LLuisiana
89%
GGeorgia
88%
HHawái
85%
UUtah
85%
PPensilvania
83%
RRhode Island
77%

Distribución de puntuación

Porcentaje por número respondido

Porcentaje de gente con cada puntuación

Historial de tus puntuaciones

No has intentado esta prueba.